Théatre : première série : Le repos du septième jour, L'Agamemnon d'Eschyle, Vers d'Exil /

Guardado en:
Detalles Bibliográficos
Autor principal: Claudel, Paul (autor)
Otros autores: Esquilo (autor) (autor), Claudel, Paul (versión) (versión)
Formato: Libro
Idioma:Francés
Publicado: París, Francia : Mercure de France, 1931, c1931
Edición:12a edición
Temas:
Etiquetas: Agrega una etiqueta
Sin etiquetas, Sé el primero en etiquetar este registro!

MARC

LEADER 00000nam^a2200000^a^4500
001 000360123
005 20250526000000.0
009 20260310115414.502
037 |a Acervo ITESO - Biblioteca 
041 |a FRA 
082 |a 842.  |b CLA S. 1 V. 4 
100 |a Claudel, Paul  |e (autor) 
240 1 1 |a [Théatre de Paul Claudel] 
240 1 4 |a [El reposo del séptimo día] 
240 1 1 |a [Versos de exilio] 
240 1 1 |a [Agamenón] 
245 1 0 |a Théatre :  |b première série : Le repos du septième jour, L'Agamemnon d'Eschyle, Vers d'Exil /  |c P. Claudel. 
250 |a 12a edición 
264 4 |a París, Francia :  |b Mercure de France,  |c 1931, c1931 
300 |a 241 p. ;  |c 18.5 cm. 
336 |a texto  |b txt  |2 rdacontenido 
337 |a sin mediación  |b n  |2 rdamedio 
338 |a volumen  |b nc  |2 rdasoporte 
545 0 |a Paul Claudel (Villeneuve-sur-Fère, 1868 - París, 1955), escritor central en el catolicismo francés del siglo XX y uno de los mayores poetas de su tiempo. Aunque escéptico ante la religión durante su juventud, el autor vivió una crisis espiritual que en 1886 lo llevaría de regreso a ella y que marcaría su obra literaria. Fue en ese mismo año que Claudel conoció Las iluminaciones, de Arthur Rimbaud, cuya lectura le abrió nuevos horizontes para la creación. Es un descubrimiento estético que en diálogo con su conversión, le hace ver la poesía (dramatúrgica y lírica) como espacio para la revelación divina; así y aunque suene paradójico, en su obra convive la modernidad literaria con la ortodoxia religiosa. A partir de 1890 ejerció la diplomacia, como cónsul y embajador en diversos países. Entre sus títulos destacan Cabeza de oro (1891), El cambio (1894), El reposo del séptimo día (1896), Reparto de mediodía (1906), Arte poética (1907), Cinco grandes odas (1909), La anunciación a María (1912), Cantata a tres voces (1913), Poemas de guerra (1922), Hojas de santos (1925), La zapatilla de raso (1929), Rostros radiantes (1945) y los textos autobiográficos Mémoires improvisées (1954) y Journal I y II (1968-1969). 
561 |a Ex libris de Ignacio Díaz Morales 
649 |a XX 
650 |a Tragedia Griega 
650 |a Tragedia Clásica 
650 |a Teatro Griego 
650 |a Teatro Clásico 
650 |a Teatro Francés 
650 |a Poesía Francesa 
650 |a Literatura Griega 
650 |a Literatura Clásica 
650 |a Literatura Francesa -  |y Siglo XX 
740 3 |a Le repos du septième jour /  |c P. Claudel. 
740 0 |a Vers d'exil /  |c P. Claudel. 
740 1 |a L'Agamemnon d'Eschyle /  |c Esquilo ; versión de P. Claudel. 
700 |a Esquilo  |e (autor) 
700 |a Claudel, Paul  |e (versión) 
910 |a Fondo Ignacio Díaz Morales 
920 |a Impresos - Libros 
930 |a Libros Antiguos y Raros 
940 |a Literatura 
940 |a Arquitectos Jaliscienses 
905 |a 108 
901 |a 0500253609  |b IT2  |c LRA  |i D67812  |u 20250526 
902 |a https://opac.biblio.iteso.mx/vufind/Record/000360123